000
00340nam a22001457a 4500
008
210322b ||||| |||| 00| 0 eng d
020
_a
9780781755467
041
_a
eng
080
_a
616
082
_a
616
100
_a
9
101
_a
PAT
245
_a
General and Oral Pathology for the Dental Hygienist
_c
Delong, L
942
_2
udc
_c
BK
999
_c
56675
_d
56675